000
00212 a2200097 4500
001
32549
100
_a
Pilgrim, Aubrey
245
_a
Pdentium Processor PC
260
_a
N.Y
_b
McGraw Hill
_c
090
_c
21769
_d
21769
942
_a
NUST-CAE
_c
_c
13079
999
_c
267622
_d
267622